000 00724nam a2200241 i 4500
001 C2-0011559
003 PPAK
005 20190630221909.0
008 970128s1987 caua|||| ||||| | eng d
020 _a0916318257 ; 0916318249
040 _aPPAK
_beng
_cPPAK
_erda
082 0 4 _a908
_223
090 0 0 _a908
_bBUS
_dKIH
100 1 _aBuss, Claude A.,
_eauthor
245 1 0 _aCory Aquino and the people of the Philippines
264 1 _aStanford, California :
_bStanford Alumni Association ,
_c1987
300 _axiii, 199 pages :
_billustrations ;
_c23 cm
336 _2rdacontent
_atext
337 _2rdamedia
_aunmediated
338 _2rdacarrier
_avolume
650 1 0 _aPolitical leadership - Filipines
942 _ddc
_cB
999 _c2850
_d2850